000
00298nam a2200121Ia 4500
008
190216s9999||||xx |||||||||||||| ||und||
100
_a
Musthafa Kamal Pasha
245
0
_a
Muhamed Nabi Jeeva Charithram
260
_b
Hikayath Book Stall
300
_a
315
650
_a
Islamic History
942
_c
BK
999
_c
22656
_d
22656